EXPERIMENTAL PHARMACOLOGY (Record no. 32097)

MARC details
000 -LEADER
fixed length control field 00354nam a22001577a 4500
003 - CONTROL NUMBER IDENTIFIER
control field SGT
020 ## - INTERNATIONAL STANDARD BOOK NUMBER
International Standard Book Number 9788123906492
082 ## - DEWEY DECIMAL CLASSIFICATION NUMBER
Classification number 615
Item number E23P
100 ## - MAIN ENTRY--PERSONAL NAME
Personal name PILLAI, K.K
245 ## - TITLE STATEMENT
Title EXPERIMENTAL PHARMACOLOGY
260 ## - PUBLICATION, DISTRIBUTION, ETC. (IMPRINT)
Place of publication, distribution, etc NEW DELHI
Name of publisher, distributor, etc CBS PUBLICATION
300 ## - PAGE DESCRIPTION
No. of Pages 124
650 ## - SUBJECT ADDED ENTRY--TOPICAL TERM
Topical term or geographic name as entry element PHARMACY
653 ## - KEYWORDS--INDEX TERM
Keyword term EXPERIMENTAL, PHARMACOLOGY
942 ## - ADDED ENTRY ELEMENTS (KOHA)
Source of classification or shelving scheme Dewey Decimal Classification
Koha item type Books
Holdings
Withdrawn status Lost status Source of classification or shelving scheme Damaged status Use restrictions Not for loan Collection code Home library Current library Shelving location Date acquired SGTU Full call number Accession No. (Barcode) Date last seen Bill Date Koha item type
    Dewey Decimal Classification   Restricted Access   PHARMACY SGT FA-FP Library SGT FA-FP Library Reference Book 12/07/2025 SGTU 615 E23P FP5278G 12/07/2025 12/07/2025 Gifted Books